000 00291nam a22001337a 4500
008 170309b xxu||||| |||| 00| 0 eng d
020 _a9780072437935
041 _aeng
080 _29TH
_a611
100 _a6
101 _aSHM
245 _aHUMAN PHYSIOLOGY
_cWIDMAIER, E.P
942 _2udc
_cBK
999 _c7274
_d7274